000 01082nam a22003377a 4500
003 CHAP
005 20220329135025.0
008 971013s1971 r 00010 d
010 _a29726
011 _a30698
035 _a34810
040 _cCHAP
082 _a540
_bL4Y 1964
100 0 0 _aLewis, John R.
_966529
245 _aQuímica elemental
260 _aMéxico :
_bCECSA,
_c1971
300 _a429 p.
490 _aSerie compendios científicos. El tutor del estudiante
500 _aTrad. de la 8 ed. en inglés
590 _aBATCH-UPD
_b10
_c20130109
_lUCH01
_h2350
590 _aBATCH-UPD
_b10
_c20130110
_lUCH01
_h1510
590 _aBATCH-UPD
_b10
_c20130409
_lUCH01
_h1922
590 _aBATCH-UPD
_b10
_c20130410
_lUCH01
_h0927
590 _aBATCH-UPD
_b10
_c20130914
_lUCH01
_h1724
590 _aCONVERSION
_b10
_c20130109
_lUCH01
_h1317
650 1 4 _aQuímica.
_993552
830 0 _aSerie compendios científicos. El tutor del estudiante
_9104658
901 _aBK
942 _cLIBRO
949 _a540 L4Y 1964
_bBC
_cLIBRO
_d33724000913885
_eLIBRO
_h35932
_i34810
_si
_t32.00
999 _c29726
_d29726